Five views on sanctification / (Record no. 9699)

MARC details
000 -LEADER
fixed length control field 01249cam a2200301 a 4500
001 - CONTROL NUMBER
control field 34926722
003 - CONTROL NUMBER IDENTIFIER
control field OCoLC
005 - DATE AND TIME OF LATEST TRANSACTION
control field 20241126110717.0
008 - FIXED-LENGTH DATA ELEMENTS--GENERAL INFORMATION
fixed length control field 960517r19961987miu b 001 0 eng
010 ## -
-- 96009067
020 ## - INTERNATIONAL STANDARD BOOK NUMBER
International Standard Book Number 0310212693
020 ## - INTERNATIONAL STANDARD BOOK NUMBER
International Standard Book Number 9780310212690
035 ## - SYSTEM CONTROL NUMBER
System control number (OCoLC)34926722
040 ## - CATALOGING SOURCE
Original cataloging agency DLC
Transcribing agency DLC
Modifying agency BAKER
-- MNY
-- BTCTA
-- YDXCP
-- ITC
-- ATH
050 10 -
-- BT765
-- .F58 1996
082 ## - DEWEY DECIMAL CLASSIFICATION NUMBER
Classification number 234.8
Item number FIV
245 00 - TITLE STATEMENT
Title Five views on sanctification /
Statement of responsibility, etc. Melvin E. Dieter ... [et al.].
260 ## - PUBLICATION, DISTRIBUTION, ETC.
Place of publication, distribution, etc. Grand Rapids, Mich. :
Name of publisher, distributor, etc. Zondervan Pub.,
Date of publication, distribution, etc. [1996], c1987.
300 ## - PHYSICAL DESCRIPTION
Extent 254 p. ;
Dimensions 21 cm.
490 1# - SERIES STATEMENT
Series statement Counterpoints
500 ## - GENERAL NOTE
General note Originally published: Grand Rapids, MI : Academie Books, c1987.
504 ## - BIBLIOGRAPHY, ETC. NOTE
Bibliography, etc. note Includes bibliographical references (p. 239-246) and indexes.
505 00 - FORMATTED CONTENTS NOTE
Title The Wesleyan perspective /
Statement of responsibility Melvin E. Dieter --
Title The Reformed perspective /
Statement of responsibility Anthony A. Hoekema --
Title The Pentecostal perspective /
Statement of responsibility Stanley M. Horton --
Title The Keswick perspective /
Statement of responsibility J. Robertson McQuilkin --
Title The Augustinian-dispensational perspective /
Statement of responsibility John F. Walvoord.
650 #0 - SUBJECT ADDED ENTRY--TOPICAL TERM
Topical term or geographic name entry element Sanctification
General subdivision Christianity.
9 (RLIN) 2243
700 1# - ADDED ENTRY--PERSONAL NAME
Personal name Dieter, Melvin Easterday.
9 (RLIN) 2244
830 #0 -
-- Counterpoints (Grand Rapids, Mich.)
-- 1396
942 ## - ADDED ENTRY ELEMENTS (KOHA)
Source of classification or shelving scheme Dewey Decimal Classification
Koha item type Books
Holdings
Withdrawn status Lost status Source of classification or shelving scheme Damaged status Not for loan Home library Current Library Shelving location Date acquired Total checkouts Full call number Barcode Date last seen Copy number Price effective from Koha item type
    Dewey Decimal Classification     GRACE BIBLE COLLEGE GRACE BIBLE COLLEGE Theology 2023-05-03   234.8 FIV 016220 2025-05-01 c.1 2023-05-03 Books
© Grace Bible College Library 2025